El apoyo tecnológico necesario para promover las exportaciones agricolas no tradicionales en América Central /

Gorde:
Xehetasun bibliografikoak
Egile nagusia: Kaimowitz, David
Formatua: Texto
Etiketak: Etiketa erantsi
Etiketarik gabe, Izan zaitez lehena erregistro honi etiketa jartzen!

MARC

LEADER 00000 a a2200000 04500
001 47816
003
040
100 |a Kaimowitz, David  
245 |a El apoyo tecnológico necesario para promover las exportaciones agricolas no tradicionales en América Central /  |c David Kaimowitz  
773 |g número30, (1992), 101 páginas : tablas  
999 |c 23368  |d 23368